| 000 | 00474nam a22001817a 4500 | ||
|---|---|---|---|
| 003 | CEME | ||
| 005 | 20210628205425.0 | ||
| 008 | 210316b xxu||||| |||| 00| 0 eng d | ||
| 020 | _a1-56884-732-7 | ||
| 040 | _c. | ||
| 082 | _a004.6 ROG'G | ||
| 100 |
_aRogers, Shawn B _975492 |
||
| 245 | _aNovell's groupwise 4 administrator's guide | ||
| 260 |
_aSAN JOSE _bNOVELL PRESS _c1995 |
||
| 300 | _a606P | ||
| 650 |
_aNOVELLS ADMINISTRATORS'S GUIDE _975493 |
||
| 942 |
_cBK _2ddc |
||
| 999 |
_c580895 _d580895 |
||